[Event "Kaltern Trophy-A 2nd"]
[Site "Kaltern"]
[Date "2017.10.28"]
[Round "3"]
[White "Cancian, Loris"]
[Black "Mikolajewski, Armin"]
[Result "1/2-1/2"]
[WhiteElo "1878"]
[BlackElo "2038"]
[PlyCount "110"]
[EventDate "2017.10.27"]
[EventType "swiss"]
[EventRounds "5"]
[EventCountry "ITA"]
[SourceTitle "CBM 181 Extra"]
[Source "ChessBase"]
[SourceDate "2017.12.12"]
[SourceVersion "1"]
[SourceVersionDate "2017.12.12"]
[SourceQuality "1"]

1. d4 d5 2. Nf3 Nf6 3. Bf4 e6 4. e3 Nbd7 5. Nbd2 c6 6. h3 Qb6 7. Rb1 c5 8. c3 Bd6 9. Ne5 Qc7 10. Ndf3 0-0 11. Bd3 h6 12. 0-0 c4 13. Bc2 b5 14. Qe2 Bb7 15. Rfc1 Ne4 16. Nxd7 Qxd7 17. Ne5 Bxe5 18. Bxe5 f6 19. Bf4 f5 20. f3 Nf6 21. b3 a6 22. Rb2 Rac8 23. b4 Qe7 24. a4 Nd7 25. axb5 axb5 26. Ra1 Ra8 27. Rba2 Rxa2 28. Rxa2 Ra8 29. Rxa8+ Bxa8 30. Qe1 Nb6 31. Qa1 Bc6 32. Kf2 Na4 33. Bg3 Qb7 34. Ke2 g5 35. Kd2 Qf7 36. Be5 Qh5 37. Qe1 Be8 38. Qf1 Qf7 39. Qe1 Nb6 40. h4 Nd7 41. Bd6 Qg7 42. hxg5 hxg5 43. Qh1 Qh7 44. Qxh7+ Kxh7 45. e4 Bg6 46. exf5 exf5 47. Ke2 f4 48. Bxg6+ Kxg6 49. Kf2 Nb6 50. Ke2 Na4 51. Kd2 Kf5 52. g4+ fxg3 53. Bxg3 g4 54. fxg4+ Kxg4 55. Be5 Kf3 1/2-1/2

[Event "Kaltern Trophy-A 2nd"]
[Site "Kaltern"]
[Date "2017.10.28"]
[Round "2"]
[White "Cancian, Loris"]
[Black "Panjkovic, Aleksandar"]
[Result "0-1"]
[WhiteElo "1878"]
[BlackElo "2130"]
[PlyCount "94"]
[EventDate "2017.10.27"]
[EventType "swiss"]
[EventRounds "5"]
[EventCountry "ITA"]
[SourceTitle "CBM 181 Extra"]
[Source "ChessBase"]
[SourceDate "2017.12.12"]
[SourceVersion "1"]
[SourceVersionDate "2017.12.12"]
[SourceQuality "1"]

1. d4 d6 2. Nf3 g6 3. Bf4 Bg7 4. e3 Nd7 5. c3 e5 6. Bg3 Nh6 7. h3 0-0 8. Bc4 Nf5 9. Bh2 e4 10. Nfd2 Nf6 11. Na3 Qe7 12. Qe2 a6 13. 0-0-0 b5 14. Bb3 Bb7 15. g4 Nh4 16. g5 Nd7 17. Qg4 Nf5 18. h4 c5 19. h5 Rfc8 20. hxg6 hxg6 21. Kb1 c4 22. Bc2 d5 23. Kc1 b4 24. Nab1 Bc6 25. Bf4 a5 26. f3 b3 27. axb3 cxb3 28. Nxb3 a4 29. Na1 a3 30. Nxa3 Rxa3 31. bxa3 Qxa3+ 32. Kd2 Bb5 33. Ke1 Rxc3 34. fxe4 Nxe3 35. Bxe3 Rxe3+ 36. Kf2 Re2+ 37. Qxe2 Bxe2 38. Kxe2 dxe4 39. Bxe4 Qe7 40. Kd3 Qxg5 41. Nc2 Qb5+ 42. Ke3 Qb3+ 43. Kf4 Nf6 44. Bd3 Nh5+ 45. Kf3 Qd5+ 46. Be4 Qg5 47. Bc6 Qf6+ 0-1

[Event "Caldaro Puntay op-A 1st"]
[Site "Caldaro"]
[Date "2016.10.22"]
[Round "3"]
[White "Spornberger, Andre"]
[Black "Cancian, Loris"]
[Result "1-0"]
[WhiteElo "2288"]
[BlackElo "1856"]
[PlyCount "67"]
[EventDate "2016.10.21"]
[EventType "swiss"]
[EventRounds "5"]
[EventCountry "ITA"]
[SourceTitle "EXT 2018"]
[Source "ChessBase"]
[SourceDate "2017.10.13"]
[SourceVersion "1"]
[SourceVersionDate "2017.10.13"]
[SourceQuality "1"]

1. d4 d5 2. Bf4 Nf6 3. e3 Bf5 4. c4 e6 5. Qb3 Qc8 6. Nc3 c6 7. Nf3 Nbd7 8. Rc1 a6 9. h3 Be7 10. Be2 0-0 11. 0-0 Ne4 12. c5 Nxc3 13. bxc3 Bd8 14. c4 Bc7 15. Bxc7 Qxc7 16. Bd3 dxc4 17. Qxc4 Bxd3 18. Qxd3 Rfd8 19. Qb3 Rab8 20. Rfd1 h6 21. Nd2 Nf6 22. Nc4 Ne4 23. Rb1 Qe7 24. Qc2 Nf6 25. Rb3 Ne8 26. Rdb1 Rd5 27. Na5 Qh4 28. Nxc6 Rc8 29. Na7 Rcd8 30. Rxb7 g5 31. Nc6 g4 32. Nxd8 gxh3 33. Rxf7 Ng7 34. Qg6 1-0

[Event "Padova op-B 15th"]
[Site "Padova"]
[Date "2012.12.23"]
[Round "6"]
[White "Cancian, Loris"]
[Black "Rodella, Umberto"]
[Result "0-1"]
[WhiteElo "1878"]
[BlackElo "1738"]
[PlyCount "118"]
[EventDate "2012.12.15"]
[EventType "swiss"]
[EventRounds "6"]
[EventCountry "ITA"]
[SourceTitle "EXT 2015"]
[Source "ChessBase"]
[SourceDate "2014.11.20"]
[SourceVersion "1"]
[SourceVersionDate "2014.11.20"]
[SourceQuality "1"]

1. d4 Nf6 2. Nf3 b6 3. c4 e6 4. Nc3 d5 5. cxd5 Nxd5 6. e4 Nf6 7. Bg5 Be7 8. Bd3 0-0 9. 0-0 Bb7 10. Qc2 h6 11. Be3 Nbd7 12. Rfd1 c5 13. d5 exd5 14. exd5 Bd6 15. h3 a6 16. a4 Qc7 17. b3 Rfe8 18. Rac1 Rac8 19. Bc4 Ne5 20. Qf5 Qd7 21. Nh4 Rcd8 22. Qxd7 Rxd7 23. Nf5 Ng6 24. Re1 Red8 25. h4 Be5 26. Bd2 Bc7 27. Rcd1 h5 28. Bg5 Bf4 29. g3 Bxg5 30. hxg5 Nxd5 31. Nxd5 Bxd5 32. Bxa6 Bxb3 33. Rxd7 Rxd7 34. Bb5 Rd5 35. Ne3 Rxg5 36. Nc4 Bxc4 37. Re8+ Kh7 38. Bxc4 f6 39. Rb8 Rg4 40. Bb5 Ne5 41. Rxb6 c4 42. a5 c3 43. Rb7 c2 44. Rc7 Rc4 45. Rxc4 Nxc4 46. Bxc4 c1Q+ 47. Bf1 g5 48. a6 Qc7 49. Bd3+ Kh6 50. Be2 h4 51. g4 Kg7 52. Bf3 Kf7 53. Kg2 Ke6 54. Be4 Ke5 55. Bf3 Kf4 56. Be2 Qc6+ 57. Kg1 h3 58. Bf1 Kxg4 59. Kh2 Kh4 0-1

[Event "Padova op-B 15th"]
[Site "Padova"]
[Date "2012.12.16"]
[Round "2"]
[White "Cancian, Loris"]
[Black "Basso, Pier Luigi"]
[Result "0-1"]
[WhiteElo "1878"]
[BlackElo "2186"]
[PlyCount "80"]
[EventDate "2012.12.15"]
[EventType "swiss"]
[EventRounds "6"]
[EventCountry "ITA"]
[SourceTitle "EXT 2015"]
[Source "ChessBase"]
[SourceDate "2014.11.20"]
[SourceVersion "1"]
[SourceVersionDate "2014.11.20"]
[SourceQuality "1"]

1. d4 Nf6 2. Nf3 e6 3. Bf4 c5 4. e3 Qb6 5. Qc1 Nc6 6. c3 d5 7. Bd3 Bd7 8. h3 Rc8 9. 0-0 cxd4 10. exd4 Nb4 11. Bc2 Nxc2 12. Qxc2 Be7 13. Nbd2 0-0 14. Ne5 Qxd4 15. Qxh7+ Kxh7 16. cxd4 Rc2 17. Rfc1 Rfc8 18. Rxc2 Rxc2 19. Nxf7 Rxb2 20. Ne5 Bd6 21. Be3 Bb5 22. Rb1 Rxb1+ 23. Nxb1 Bc4 24. Nxc4 dxc4 25. Nc3 Bb4 26. Ne2 Nd5 27. a4 Nxe3 28. fxe3 c3 29. Kf1 c2 30. Nc1 Bd2 31. Nb3 Bxe3 32. Ke2 c1Q 33. Nxc1 Bxc1 34. Kd3 Kg6 35. Ke4 Kf6 36. g4 a6 37. d5 b5 38. d6 bxa4 39. h4 a3 40. g5+ Kf7 0-1